IV Jornades de l'Associació d'Arxivers Valencians [Recurs electrònic] : Arxius : República i Guerra Civil / Associació d'Arxivers Valencians Arxius :
Descripción Física:
1 disc òptic (CD-ROM) ; 12 cm
MARC
| LEADER | 00000nmm a2200000 a 4500 | ||
|---|---|---|---|
| 001 | 18141 | ||
| 003 | BGR | ||
| 005 | 20260324175234.0 | ||
| 007 | co aa aaaaa | ||
| 008 | 160829s2006 xx 000 0 cat d | ||
| 020 | |a D.L. M-46908-2006 | ||
| 080 | |a CD-1-39 | ||
| 111 | |a Jornades de l'Associació d'Arxivers Valencians |9 71257 |c (València : |d 2006) | ||
| 245 | |a IV Jornades de l'Associació d'Arxivers Valencians [Recurs electrònic] : |b Arxius : |b República i Guerra Civil / Associació d'Arxivers Valencians | ||
| 260 | |a València : |b Associació d' Arxivers Valencians, |c 2006 | ||
| 300 | |a 1 disc òptic (CD-ROM) ; |c 12 cm | ||
| 590 | |a Inclou cartell, programa i actes | ||
| 590 | |a format PDF | ||
| 650 | |a Arxivística |x València |x Congressos |9 22692 | ||
| 655 | 0 | |9 54985 |a CD-ROMs | |
| 710 | 1 | |9 70362 |a Associació d'Arxivers Valencians | |
| 901 | |a Arxiu | ||
| 942 | |n 1 |2 udc |c MON | ||
| 952 | |0 0 |1 0 |4 0 |6 CD139 |7 1 |9 42296 |a Arxiu |b Arxiu |d 2016-12-01 |l 0 |o CD-1-39 |p 18141 |r 2016-12-01 00:00:00 |w 2016-12-01 |y ARXIU | ||
| 999 | |c 44774 |d 44774 | ||